<?xml version="1.0" encoding="UTF-8"?>
<collection xmlns="http://www.loc.gov/MARC21/slim">
 <record>
  <leader>00509pamaa2200145   4500</leader>
  <controlfield tag="001">0000023978</controlfield>
  <controlfield tag="005">20061110090000.0</controlfield>
  <datafield tag="020" ind1="0" ind2="0">
   <subfield code="a">0813514207 </subfield>
  </datafield>
  <datafield tag="090" ind1="0" ind2="0">
   <subfield code="a">PS584 </subfield>
   <subfield code="b">SHA 1989</subfield>
  </datafield>
  <datafield tag="245" ind1="1" ind2="0">
   <subfield code="a">SHADOWED Dreams : </subfield>
   <subfield code="b">women's poetry of the harlem renaissance  </subfield>
   <subfield code="c">edited and with introduction by Maureen Honey.</subfield>
  </datafield>
  <datafield tag="260" ind1="0" ind2="0">
   <subfield code="a">New Brunswick: </subfield>
   <subfield code="b">Rutgers University Press, </subfield>
   <subfield code="c">1989.</subfield>
  </datafield>
  <datafield tag="300" ind1=" " ind2=" ">
   <subfield code="a">xx, 238p.; </subfield>
   <subfield code="c">23cm.</subfield>
  </datafield>
  <datafield tag="650" ind1="0" ind2="0">
   <subfield code="a">American poetry -- </subfield>
   <subfield code="x">Afro American authors </subfield>
  </datafield>
  <datafield tag="650" ind1="0" ind2="0">
   <subfield code="a">American poetry -- </subfield>
   <subfield code="x">New York </subfield>
  </datafield>
  <datafield tag="700" ind1="1" ind2="1">
   <subfield code="a">Honey, </subfield>
   <subfield code="h">Maureen </subfield>
  </datafield>
 </record>
</collection>
